[Event "Belgrade GMA op"]
[Site "Belgrade"]
[Date "1988.??.??"]
[Round "?"]
[White "Sveshnikov, Evgeny"]
[Black "Kovacevic, Vlatko"]
[Result "1-0"]
[WhiteElo "2450"]
[BlackElo "2515"]
[Annotator "Kovacevic,Vl"]
[PlyCount "103"]
[EventDate "1988.12.??"]
[EventType "swiss"]
[EventRounds "9"]
[EventCountry "YUG"]
[SourceTitle "TD"]
[Source "ChessBase"]
[SourceDate "1994.03.01"]
[SourceVersion "1"]
[SourceVersionDate "1994.03.01"]
[SourceQuality "1"]

1. e4 e6 2. d4 d5 3. e5 c5 4. c3 Ne7 $5 5. Nf3 (5. dxc5 $6 Nec6 6. Bf4 Nd7)
5... Nec6 (5... Nd7) 6. h4 $6 (6. Bd3 b6 7. Qe2 a5 {Ba6=}) 6... Nd7 7. h5 $6 (
7. g3 $1 {Bh3}) 7... f6 $1 $17 8. exf6 Nxf6 9. h6 g6 10. Bg5 Bd6 11. Be2 O-O
12. O-O cxd4 $1 (12... Qc7 13. dxc5 Bxc5 14. c4) 13. Nxd4 (13. cxd4 Qc7 14. Nc3
a6 {Ng4}) 13... Bd7 (13... a6 $5 {e5} 14. c4 Qb6 $17) 14. Nd2 Nxd4 (14... e5
15. Nb5 {c4}) 15. cxd4 Qb6 $2 (15... Qc7 $1 16. Rc1 (16. f4 Qb6 17. Nf3 Ne4 {
Bf4}) 16... Bc6 17. Bxf6 (17. Nf3 Ng4 {/\ 18...Bh2, 19.Kh1 Bg1!!, 20.Kg1 R f3,
21.g3 R g3}) 17... Rxf6 18. Nf3 (18. Rc3 Qb6) 18... Bf4 19. Rc3 g5 $40) 16. Nf3
Ne4 17. Be3 Qxb2 $6 (17... Rac8 18. Nd2 $1) 18. Rb1 Qxa2 19. Rxb7 $1 Rf7 (19...
Nc3 20. Rxd7 $3 Nxd1 (20... Rxf3 $2 21. Bxf3 Nxd1 22. Rxd1 Bf8 23. Bg4 {
R c1-c7+-}) 21. Rg7+ Kh8 22. Ng5 Nxe3 23. Rxh7+) 20. Bd3 Rb8 (20... Ba4 $2 21.
Rxf7 $1 Kxf7 (21... Bxd1 22. Rg7+ Kh8 23. Rxd1 Qb3 24. Be2 {/\ Ng5}) 22. Qc1 {
/\ Ne4, Ng5}) 21. Rxb8+ Bxb8 22. Ne5 $1 Bxe5 23. dxe5 Nc3 24. Qg4 $16 Qa4 25.
Qg5 Be8 26. Qd8 Qd7 27. Qb8 Qc6 (27... d4 $2 28. Bxd4) 28. Ra1 Rb7 29. Qd8 Qd7
30. Qxd7 $6 (30. Qa8) 30... Bxd7 31. Bxa7 Bb5 32. Bc5 $1 Rb8 (32... Bxd3 $2 33.
Ra8+ {/\ R f8#}) 33. Rc1 (33. Bxb5 Nxb5 34. Rb1 Rb7) 33... Bxd3 34. Rxc3 Rc8 $1
35. Rxd3 Rxc5 36. Ra3 g5 $2 (36... d4 $1 37. Rd3 (37. Ra8+ Kf7 38. Ra7+ Ke8 39.
Rxh7 $2 d3 40. Rh8+ Kd7 41. h7 d2 42. Rd8+ Kxd8 43. h8=Q+ Kd7 44. Qg7+ Kc6 $19)
(37. f4 g5 $3 38. Rg3 d3 $1) 37... Rd5 {g5=}) 37. Rg3 $1 $18 d4 38. Rxg5+ Kf8
39. Kf1 d3 40. Ke1 Rc2 41. f4 Re2+ 42. Kd1 Rf2 43. Rg4 Rf1+ 44. Kd2 Rh1 45. g3
$1 Rxh6 46. Rh4 Rg6 47. g4 Rg7 48. Kxd3 Ra7 49. Rh6 Ra4 50. Ke3 Ra3+ 51. Kf2
Ra4 52. Kg3 1-0

[Event "Tata Steel-B 74th"]
[Site "Wijk aan Zee"]
[Date "2012.01.20"]
[Round "6"]
[White "Harikrishna, Pentala"]
[Black "Timman, Jan H"]
[Result "1-0"]
[WhiteElo "2665"]
[BlackElo "2571"]
[Annotator "Let's Check"]
[PlyCount "79"]
[EventDate "2012.01.14"]
[EventType "tourn"]
[EventRounds "13"]
[EventCountry "NED"]
[EventCategory "15"]
[SourceTitle "CBM 147"]
[Source "ChessBase"]
[SourceDate "2012.03.16"]
[SourceVersion "1"]
[SourceVersionDate "2012.03.16"]
[SourceQuality "1"]

1. e4 c5 2. Nf3 e6 3. c3 d5 4. e5 Nc6 5. d4 Bd7 6. Be2 f6 7. c4 cxd4 8. cxd5
Qa5+ 9. Nbd2 Qxd5 10. Bc4 Qc5 11. b4 Qb6 12. O-O O-O-O 13. Bb2 Bxb4 14. Rb1
fxe5 15. Ba3 a5 16. Bc1 Qc7 17. a3 Bc3 18. Ne4 Nce7 19. Qb3 Bc6 20. Bxe6+ Kb8
21. Nxc3 dxc3 22. Qxc3 Bd5 23. Qxc7+ Kxc7 24. Bb2 Nc6 25. Nxe5 Nge7 $1 (25...
Bxe6 $2) 26. Bh3 Rhg8 27. Rfc1 b5 28. Bc3 Kb6 29. Nd7+ Ka6 30. Nc5+ Kb6 31.
Nd7+ Ka6 32. Re1 g5 33. Nc5+ Kb6 34. Nd7+ Ka6 35. Nf6 Rg6 36. Bg4 Bc4 37. Ne4
Nd5 38. Bd2 Nf4 39. Be3 a4 $2 (39... Nd5 40. Bf5 Rg7 $14) 40. Nc5+ $18 1-0

[Event "Danzhou 3rd"]
[Site "Danzhou"]
[Date "2012.06.07"]
[Round "9"]
[White "Yu, Yangyi"]
[Black "Ding, Liren"]
[Result "1/2-1/2"]
[WhiteElo "2626"]
[BlackElo "2679"]
[Annotator "Let's Check"]
[PlyCount "64"]
[EventDate "2012.05.29"]
[EventType "tourn"]
[EventRounds "9"]
[EventCountry "CHN"]
[EventCategory "16"]
[SourceTitle "CBM 149"]
[Source "ChessBase"]
[SourceDate "2012.07.17"]
[SourceVersion "1"]
[SourceVersionDate "2012.07.17"]
[SourceQuality "1"]

1. e4 e6 2. d4 d5 3. e5 c5 4. c3 Nc6 5. Nf3 Qb6 6. a3 Nge7 7. b4 cxd4 8. cxd4
Nf5 9. Be3 Bd7 10. Bd3 Nxe3 11. fxe3 Rc8 12. O-O Be7 13. Qe1 f5 14. exf6 Bxf6
15. Nc3 O-O 16. Na4 Qd8 17. Nc5 b6 18. Nxd7 Qxd7 19. Ra2 Qd6 20. b5 Nd8 21. g4
g6 22. g5 Bg7 23. h4 e5 24. dxe5 Qe6 25. h5 gxh5 26. g6 h6 27. Rg2 Nb7 28. Qh4
Rc3 29. Qd4 $6 (29. Nd4 Rxf1+ 30. Bxf1 $11) 29... Rc5 $6 (29... Rxa3 30. Bc2
Nc5 $17) 30. Qh4 Rc3 31. Qd4 $6 Rc5 $6 32. Qh4 Rc3 1/2-1/2

[Event "ROM-chT"]
[Site "Sovata"]
[Date "1998.??.??"]
[Round "3"]
[White "Lupu, Mircea Sergiu"]
[Black "Foisor, Ovidiu Doru"]
[Result "1/2-1/2"]
[WhiteElo "2505"]
[BlackElo "2445"]
[Annotator "Marin,M"]
[PlyCount "54"]
[EventDate "1998.??.??"]
[EventType "team"]
[EventRounds "5"]
[EventCountry "ROU"]
[SourceTitle "EXT 1999"]
[Source "ChessBase"]
[SourceDate "1998.11.16"]
[SourceVersion "1"]
[SourceVersionDate "1998.11.16"]
[SourceQuality "1"]

1. e4 e6 2. d4 d5 3. e5 c5 4. c3 Nc6 5. Nf3 Bd7 6. Be2 Nge7 7. O-O Ng6 8. Be3
Be7 9. Nbd2 Qb6 10. Rb1 a5 11. Nb3 cxd4 12. Nfxd4 Qd8 13. f4 a4 14. Nd2 O-O 15.
Bd3 f6 16. Qh5 fxe5 17. Nxc6 bxc6 18. fxe5 Rxf1+ 19. Rxf1 Be8 20. Nf3 Nf8 21.
Qg4 Qd7 22. Nd4 Bg6 23. Bxg6 Nxg6 24. Nxe6 Re8 (24... Bh4 $142 25. Qf5 Re8) 25.
Qf5 $4 (25. Rf7 $142 $1 $18) 25... Bh4 26. Nd4 (26. Nc5 Qxf5 27. Rxf5 Nxe5 28.
Nxa4 Ng4 29. Bc5 (29. Bd2 Re2) 29... Re1+ 30. Rf1 Rxf1+ 31. Kxf1 Nxh2+ 32. Ke2
Kf7 33. Nb6 $16) 26... Nxe5 27. Qxd7 Nxd7 1/2-1/2

[Event "Metz op 30th"]
[Site "Metz"]
[Date "2012.04.23"]
[Round "1"]
[White "Bujisho, Benjamin"]
[Black "Sumets, Andrey"]
[Result "1/2-1/2"]
[WhiteElo "2381"]
[BlackElo "2587"]
[Annotator "Metz Alekhine/Primel,D"]
[PlyCount "49"]
[EventDate "2012.04.14"]
[EventType "swiss"]
[EventRounds "9"]
[EventCountry "FRA"]
[SourceTitle "EXT 2013"]
[Source "ChessBase"]
[SourceDate "2012.11.22"]
[SourceVersion "1"]
[SourceVersionDate "2012.11.22"]
[SourceQuality "1"]

1. e4 e6 2. d4 d5 3. e5 c5 4. c3 Nc6 5. Nf3 Bd7 6. Be2 Rc8 (6... Nge7 {La
grande ligne}) (6... Qb6) 7. O-O a6 {Le GMI avait déjà utilisé cette ligne
secondaire quelques semaines plus tôt а Sélestat} 8. a3 (8. Na3 cxd4 9. cxd4
Bxa3 {Lerch,P (2362)-Sumets,A (2587) Selestat op 19th 2012 (3) 0-1}) (8. Be3
cxd4 9. cxd4 Nge7 10. Nc3 Nf5 11. Bd3 Nxe3 12. fxe3 Be7 13. a3 O-O 14. Ne2 Na5
15. Nf4 Qb6 16. b4 Nc4 17. Qe2 Qd8 18. g3 a5 19. h4 axb4 20. axb4 g6 21. Rf2 f6
22. exf6 Bxf6 23. Raf1 Qe7 24. Kh2 Nd6 25. Ne5 Bxe5 26. dxe5 Nf5 27. Bxf5 Rxf5
28. Qb2 Qg7 29. g4 Rff8 30. Ng2 Rxf2 31. Rxf2 Qe7 32. g5 Bb5 33. Nf4 Rf8 34.
Qd4 Bc4 35. e4 Qd7 36. Kg3 Rd8 37. Ng2 b5 {Areshchenko,A (2691)-Romanov,E 
(2595) St Petersburg 2012 1/2-1/2}) 8... cxd4 9. cxd4 Nge7 10. Bd2 $146 (10.
Nc3 Nf5 11. g4 Nh4 12. Nxh4 Qxh4 13. Be3 g5 14. Na4 h5 15. gxh5 Nxe5 16. Nb6
Nf3+ 17. Bxf3 Bd6 18. Re1 Qxh2+ 19. Kf1 Bb5+ 20. Re2 g4 21. Bg2 Rc6 22. Nxd5 f5
23. Qd2 Kf7 24. Bf4 Bxe2+ 25. Qxe2 Bxf4 26. Nxf4 Qxf4 27. Bxc6 bxc6 28. Re1 Qd6
29. Qxa6 Rxh5 30. Qa7+ Kf6 31. Qc5 Qxc5 32. dxc5 Rh1+ 33. Ke2 Rxe1+ 34. Kxe1
Ke5 35. b4 Kd4 36. a4 Kc4 37. a5 Kb5 38. Ke2 e5 39. Kd3 {1/2-1/2 (39) Xie Jun 
(2542)-Karpov,A (2696) Guanzhou 2000}) 10... Ng6 11. g3 Be7 12. h4 (12. Nc3 {
Le français aura des problèmes de développement de l'aile-dame dans la partie
et ce coup naturel Nc3 ne pouvait être mauvais} O-O 13. h4 $1 {[%csl Rg6][%cal
Gh4h5]}) 12... O-O (12... Na5 13. h5 Nf8 14. Nc3 Nc4) 13. h5 Nh8 {"Un fort
coup d'attaque!"} 14. Kg2 $14 f6 $1 {[%cal Gd7e8,Ge8h5] Attaque non seulement
le centre mais permet de recycler le Bd7} 15. Bf4 (15. Nc3) 15... Be8 16. Rh1
fxe5 17. Nxe5 Nxe5 (17... Rxf4 $5 18. gxf4 Qb6 $44) 18. Bxe5 Nf7 $132 19. f4
Nxe5 20. fxe5 (20. dxe5) 20... Qb6 21. Ra2 Bb5 $32 (21... Rc4 {[%csl Rd4]}) 22.
b3 Bxe2 23. Rxe2 Qb5 24. a4 Qc6 25. Rf1 1/2-1/2

[Event "Lost Boys op"]
[Site "Antwerp"]
[Date "1997.08.03"]
[Round "2"]
[White "Hendriks, Willy"]
[Black "Vaganian, Rafael A"]
[Result "1-0"]
[WhiteElo "2360"]
[BlackElo "2640"]
[Annotator "Meulders,R"]
[PlyCount "61"]
[EventDate "1997.08.02"]
[EventType "swiss"]
[EventRounds "9"]
[EventCountry "BEL"]
[SourceTitle "CBM 059 Extra"]
[Source "ChessBase"]
[SourceDate "1997.09.26"]
[SourceVersion "1"]
[SourceVersionDate "1997.09.26"]
[SourceQuality "1"]

1. e4 e6 2. d4 d5 3. e5 c5 4. c3 Nc6 5. Nf3 Nh6 6. Bd3 (6. dxc5 Bxc5 (6... Ng4
7. Qa4 h5 8. h3 Nh6 9. b4 Bd7 10. Bb5 a5 11. Bxc6 bxc6 12. Qd1 Qb8 13. a3 f6
14. Bf4 Nf7 15. Bh2 Qd8 16. Qd4 f5 17. h4 g5 18. hxg5 Nxg5 19. Nbd2 Ne4 20. Bf4
axb4 21. cxb4 Ra4 22. Nxe4 fxe4 23. Nh4 Qa8 24. O-O Rg8 25. g3 Be7 26. Ng2 Rxa3
27. Ne3 h4 28. Rxa3 Qxa3 29. Ra1 Qb3 30. Ra8+ Kf7 31. Ra7 {Kupreichik,
V-Kaidanov,G/Lvov 1988/CBM 07/1/2-1/2 (46)}) 7. Bxh6 (7. b4 Bb6 8. b5 Na5 9.
Bxh6 gxh6 10. Qd2 Bd7 11. Qxh6 Qe7 12. Bd3 O-O-O 13. O-O Rdf8 14. Nbd2 Kb8 15.
a4 f6 16. c4 Bc8 17. Rfe1 fxe5 18. Rxe5 Qb4 19. Rf1 Bc7 20. Qe3 Bxe5 21. Qxe5+
Ka8 22. Rb1 Qa3 23. Qd4 dxc4 24. Nxc4 Nxc4 25. Qxc4 Qd6 26. Be4 Kb8 27. a5 Rf7
28. a6 Rc7 29. Qe2 Rd8 30. g3 Re7 31. Qe3 Qb6 32. Qf4+ e5 33. Nxe5 Qd6 34. axb7
Rxe5 35. bxc8=Q+ Rxc8 36. Bg2 Rf8 37. Qc1 Rxf2 38. Qc6 Rxg2+ 39. Qxg2 Qb6+ 40.
Qf2 Rxb5 41. Qxb6+ {1/2-1/2 Sveshnikov,E-Cherniaev,A/RUS-Cup2 1996/EXP 56})
7... gxh6 8. Bd3 (8. b4 Bf8 9. b5 Ne7 10. Bd3 Bg7 11. O-O Ng6 12. Bxg6 hxg6 13.
c4 O-O 14. cxd5 exd5 15. Nc3 d4 16. Qxd4 Qxd4 17. Nxd4 Bxe5 18. Rad1 Bg4 19. f3
Rad8 20. Nce2 Bc8 21. Nb3 Be6 22. Ned4 Bc4 23. Rfe1 Rd5 24. Nc2 Rxd1 25. Rxd1
Rc8 26. Nb4 Be6 27. Nd5 Kg7 28. f4 Bb8 29. g3 a6 30. bxa6 Ba7+ 31. Kf1 bxa6 32.
Rd2 a5 {Sveshnikov,E-Glek,I/Moscow7 op 1991/TD 91\03/1-0 (62)}) 8... f6 9. exf6
(9. b4 Bf8 10. b5 Nxe5 11. Nxe5 fxe5 12. Qh5+ Kd7 13. Qxe5 Rg8 14. g3 Bd6 15.
Qe2 Qf6 16. O-O b6 17. a4 Bb7 18. a5 bxa5 19. Rxa5 Bc5 20. Ra4 Rg5 21. Rg4 Rxg4
22. Qxg4 Rf8 23. Qe2 e5 24. Nd2 e4 25. Nxe4 dxe4 26. Bxe4 Bxe4 27. Qxe4 Qf3 28.
Qxf3 Rxf3 29. c4 Rc3 30. Rd1+ Kc7 31. Rd5 Rxc4 32. Rh5 Kb6 33. Rxh6+ Kxb5 {
0-1 Khalifman,A-Kaidanov,G/Moscow-B 1987/TD 87\01}) 9... Qxf6 10. O-O O-O 11.
Bc2 Rf7 12. Nbd2 Bd7 13. Nb3 Bb6 14. Qe2 e5 15. Rad1 e4 16. Ne1 Raf8 17. Rxd5
Qxf2+ 18. Rxf2 Rxf2 19. Qxf2 Bxf2+ 20. Kf1 Bb6+ 21. Ke2 Bg4+ 22. Kd2 Rf2+ 23.
Kc1 Be3+ 24. Nd2 Re2 25. Bb3 Rxe1+ 26. Kc2 Bd1+ 27. Kb1 Bxb3# {0-1 Short,
N-Glek,I/EU-ch Rapid-30' Cap d`Agde 1996/EXP 55}) (6. Na3 Nf5 7. Nc2 cxd4 8.
cxd4 Be7 9. Be2 Bd7 10. O-O O-O 11. Kh1 Rc8 12. Bd2 a5 13. a3 a4 14. Rg1 Nh4
15. Bd3 Ng6 16. Qe1 Qe8 17. Nb4 f6 18. Nxc6 bxc6 19. exf6 gxf6 20. Bb4 Kh8 21.
Qe3 Rg8 22. Bc2 Ra8 23. Ne1 e5 24. dxe5 Bxb4 25. axb4 Qxe5 26. Rxa4 Qxe3 27.
fxe3 Rxa4 28. Bxa4 Rb8 29. Nc2 Ne5 30. Rf1 Kg7 {Kuzmin,G-Savchenko,S/Pula PCA
op 1994/EXT 94op/0-1 (60)}) (6. Be2 Nf5 7. g4 Nh4 8. Nxh4 Qxh4 9. Be3 Bd7 10.
O-O Qd8 11. Nd2 Qb6 12. Rb1 cxd4 13. cxd4 a5 14. Kh1 a4 15. f4 h5 16. gxh5 Ne7
17. Bf2 Bb5 18. b3 Bxe2 19. Qxe2 a3 20. b4 Nf5 21. Rfc1 Be7 22. Nf1 Kd7 {
1/2-1/2 Sax,G-Glek,I/BL9394 1994/BL 90}) (6. a3 cxd4 7. cxd4 Nf5 8. b4 Bd7 9.
Bb2 Be7 10. Bd3 Qb6 11. Bxf5 exf5 12. O-O Be6 13. Nc3 Qd8 14. Qd2 g5 15. Nb5 h6
16. Bc3 a6 17. Nd6+ Bxd6 18. exd6 Qxd6 19. a4 f6 20. b5 Nd8 21. Bb4 Qd7 22. Qe2
Kf7 23. Nd2 axb5 24. axb5 Rxa1 25. Rxa1 Kg6 26. Qd3 Nf7 27. Nb3 b6 28. Ra6 Rb8
29. h4 Qc7 30. h5+ Kg7 {Kamsky,G-Dokhoian,Y/Pavlodar 1987/EXT 87/0-1 (61)})
6... cxd4 (6... f6 7. O-O Nf7 8. Qe2 f5 9. dxc5 Bxc5 10. b4 Be7 11. b5 Na5 12.
Nd4 O-O 13. Kh1 Kh8 14. Re1 Rg8 15. Na3 Qf8 16. Nac2 g5 17. Bd2 Nh6 18. Ne3 Bd7
19. c4 Nxc4 20. Nxc4 {0-1 Dekker,T-Crouch,C/NLD-ch op 1992/EXT 92ch (35)}) 7.
cxd4 Nf5 8. Be3 $5 (8. Bxf5 exf5 9. Nc3 Be6 10. Ne2 (10. O-O Be7 11. Ne1 Rc8
12. Nc2 O-O 13. Qd3 Qd7 14. f4 a6 15. Bd2 f6 16. exf6 Bxf6 17. Kh1 Rfe8 18.
Rae1 Bf7 19. Rxe8+ Rxe8 20. Re1 Rxe1+ 21. Bxe1 Qe6 22. Bf2 h6 23. h4 Bh5 24.
Kg1 Kf7 25. Kf1 Ne7 26. Ne1 b5 27. Qd2 Nc6 28. a3 b4 29. axb4 Nxb4 30. Na4 Be7
31. Nc5 Bxc5 32. dxc5 Qe4 33. Bd4 {1/2-1/2 Zaitsev,I-Moskalenko,V/Moscow ZSKS
1992/CBM 30}) 10... h6 11. h4 Qa5+ {New, but I am not sure good move. White
king will fill very comfortably on f1, and queens also occupys square vey
usefull for knight.} (11... g6 12. Nf4 Be7 13. g3 Qb6 14. Kf1 Kd7 15. Kg2 Rag8
16. Nd3 Kc8 $13 {0-1 Zifroni,D-Soffer,R/Tel Aviv 1995 (50)}) (11... Be7 12. Nf4
Rc8 13. Bd2 O-O 14. a3 Na5 $13 15. Bb4 $6 Bxb4+ 16. axb4 Nc6 17. Qa4 Qb6 18. b5
Ne7 $15 {Bonsh-Vaganian, BL 1997}) 12. Kf1 Be7 13. Kg1 Rc8 14. Nf4 g6 15. a3
Qb6 {[%cal Ya7a5]} 16. b4 $5 a5 17. Rb1 axb4 18. axb4 Na7 (18... Nxb4 $2 19.
Bd2 Rc4 20. Nd3 $18) 19. b5 $1 Rc4 {It will be not easy for White to prove
advantage after risky} (19... Nxb5 $5 20. Qa4 Qa6 21. Qxb5+ Qxb5 22. Rxb5 Rxc1+
23. Kh2 Rxh1+ 24. Kxh1 g5 $1 25. Nxd5 Bxd5 26. Rxd5 g4 27. Nd2 Bxh4 28. g3 Bg5
29. Nc4 Ke7 30. Rb5 Rb8 $13) 20. Rh3 Rb4 (20... Nxb5 $5) 21. Rxb4 Bxb4 22. Rg3
Kd7 23. Nxe6 Kxe6 {Strange, but not very bad position for a K} 24. Bd2 Qxb5 ({
Deserves attention} 24... Be7 $5) 25. h5 Bxd2 $2 {Serious mistake. Why not} (
25... g5 $5 {and after} 26. Nxg5+ $5 hxg5 27. Rb3 Nc6 28. Bxb4 Qc4 29. Bc5 b5
30. Rb1 g4 31. Rc1 Qa4 $132 {everything is not so terrible.}) 26. Nxd2 g5 27.
Rb3 Qc6 28. Qb1 $16 {[%cal Rb3b6]} b5 29. Ra3 $1 Ra8 (29... Nc8 30. Nb3 f4 31.
Nc5+ Ke7 32. Ra6 $1 Nb6 33. Ra7+ Ke8 34. Qf5 Rf8 35. e6 $18) 30. Qa1 Qb7 (30...
Qb7 31. Nb3 Ke7 32. Nc5 Qc7 33. Ra6 Kf8 34. Rxh6 Rc8 35. Rf6 Kg8 36. Rxf5 Nc6
37. Rxg5+ Kh8 38. Nb3 Nd8 39. Nc5 Nc6 40. Rf5 Rg8 41. Qc1 {1-0 Adams,M-Lputian,
S/EU-chTM 1997/EXP 57/[ARM - ENG]}) 31. Nb3 {Pin and weak king almost deprive
Black chances for succesful defence.} Ke7 32. Nc5 Qc7 33. Ra6 $18 Kf8 34. Rxh6
Rc8 35. Rf6 Kg8 36. Rxf5 Nc6 37. Rxg5+ Kh8 38. Nb3 Nd8 39. Nc5 Nc6 40. Rf5 Rg8
41. Qc1 {1-0 Adams,M-Lputian,S/EU-chTM 1997/EXP 57/[Psakhis]}) 8... Be7 9. O-O
Bd7 10. Nc3 Nxe3 11. fxe3 f5 12. exf6 Bxf6 13. Ne5 $1 Ke7 (13... O-O 14. Qh5 g6
15. Bxg6 hxg6 16. Qxg6+ Bg7 17. Rxf8+ Qxf8 18. Rf1 Nxe5 19. Rxf8+ Rxf8 20. dxe5
$18) 14. Ng4 $1 Nb4 15. Rc1 Bg5 16. Kh1 Be8 17. a3 Nxd3 18. Qxd3 Bg6 19. Qd2
Rf8 20. Nb5 $1 {/\Qb4+} Rxf1+ 21. Rxf1 a5 22. Ne5 Qb6 23. a4 Rc8 24. b4 Ra8 25.
Qc3 $1 $18 Be8 26. bxa5 Rxa5 (26... Qxa5 27. Qc5+ $18) 27. Qb4+ Kd8 28. Nf7+
Bxf7 29. Rxf7 Qxb5 30. Qd6+ (30. Qf8+ Qe8 31. Qd6+ Kc8 32. Qc7#) {[} 30... Ke8
31. Qf8# {]} 1-0